000 00227 a2200097 4500
001 28174
100 _aKemp, J E
245 _aPlanning and producing Audiovisual materials
260 _a
_bChaudler
_c1963
090 _c18829
_d18829
942 _aNUST-CAE
_cM
_c9812
999 _c263247
_d263247